<The> history of the International Energy Agency 1974-2004 IEA the first 30 years

Gespeichert in:
Bibliographische Detailangaben
1. Verfasser: Bamberger, Craig S.
Körperschaft: OECD. International Energy Agency
Format: Buch
Sprache:Englisch
Veröffentlicht: Paris OECD 2004
Schlagworte:
Tags: Tag hinzufügen
Keine Tags, Fügen Sie das erste Tag hinzu!

MARC

LEADER 00000nam$a2200000$$$4500
001 0022269
005 20221207102934.8
020 |a 92-64-01493-4 
041 0 |a eng 
044 |a FR 
245 1 0 |a <The> history of the International Energy Agency 1974-2004  |b IEA the first 30 years  |c Craig S. Bamberger 
264 1 |a Paris  |b OECD  |c 2004 
300 |a 352 s. 
610 2 0 |a spolupráca hospodárska medzinárodná 
610 2 0 |a energetika 
610 2 0 |a organizácie medzinárodné 
610 2 0 |a OECD 
610 2 0 |a IEA 
100 1 |a Bamberger, Craig S. 
710 2 |a OECD. International Energy Agency